| 000 | 00524cam a22001457a 4500 | ||
|---|---|---|---|
| 008 | 180718b2004 xxu||||| |||| 00| 0 eng d | ||
| 100 | _aLaeven, Luc | ||
| 245 |
_aThe quality of the legal system, firm ownership, and firm size _cby Luc Laeven and Christopher Woodruff |
||
| 260 |
_aWashington, D.C. _bWorld Bank _c2004 |
||
| 300 | _a54p. | ||
| 440 | _aPolicy research working paper; no. 3246 | ||
| 650 | _aSmall business --Law and legislation --Mexico | ||
| 650 | _aSmall business --Mexico | ||
| 700 | _aWoodruff, Christopher | ||
| 999 |
_c290356 _d290356 |
||